State Border Chain Minefield II Quiz Stats

Quiz Updated Aug 3, 2016

Challenge
Share
Tweet
Embed
Score 0/20 Timer 05:00
13 Plays Today
% Correct
???
100%
???
71.2%
???
67.7%
???
66.6%
???
65.8%
???
62.6%
???
59.4%
???
53.8%
???
51.5%
???
47%
% Correct
???
44%
???
43.6%
???
42.2%
???
36.3%
???
31%
???
30.3%
???
30.1%
???
26.3%
???
26.3%
???
26.3%

You're not logged in!

Compare scores with friends on all Sporcle quizzes.
Sign Up with Email
OR
Log In

You Might Also Like...

Show Comments

Extras

Top Quizzes Today


Score Distribution

Your Account Isn't Verified!

In order to create a playlist on Sporcle, you need to verify the email address you used during registration. Go to your Sporcle Settings to finish the process.